000 00348nam a2200145Ia 4500
008 230917s9999||||xx |||||||||||||| ||und||
040 _e52619
_aMAIN
041 _aEnglish
082 _a342 W56M
100 _aWheare, K C
245 0 _aModern constitutions
260 _aLondon
_bOxford University Press
_c1971
300 _a128 p.
942 _cBK
999 _c137886
_d137886